Toward the comparative study of public administration / (Record no. 12458)
[ view plain ]
| 000 -LEADER | |
|---|---|
| fixed length control field | 00426cam a2200157ua 4500 |
| 041 ## - LANGUAGE CODE | |
| Language code of text/sound track or separate title | eng |
| 082 ## - DEWEY DECIMAL CLASSIFICATION NUMBER | |
| Classification number | 350 |
| Item number | SIF/TO |
| 100 ## - MAIN ENTRY--AUTHOR NAME | |
| Personal name | Siffin, William J . |
| 245 ## - TITLE STATEMENT | |
| Title | Toward the comparative study of public administration / |
| 250 ## - EDITION STATEMENT | |
| Edition statement | 1 / |
| 260 ## - PUBLICATION, DISTRIBUTION, ETC. (IMPRINT) | |
| Place of publication | Indiana : |
| Name of publisher | Indiana university press , |
| Year of publication | 1959. |
| 300 ## - PHYSICAL DESCRIPTION | |
| Number of Pages | 331 ; . |
| 942 ## - ADDED ENTRY ELEMENTS (KOHA) | |
| Koha item type | Books |
| Withdrawn status | Lost status | Damaged status | Home library | Current library | Date acquired | Full call number | Accession Number | Koha item type |
|---|---|---|---|---|---|---|---|---|
| Withdrawn | KAUAET | Malayalam University | 07/04/2012 | 350 | 694 | Books |
